Standard specification for cod weather concreting (ACI 306.1-90) (Record no. 550020)

000 -LEADER
fixed length control field 00491cam a2200157 a 4500
082 ## - DEWEY DECIMAL CLASSIFICATION NUMBER
Classification number 620.13616
Author Mark STA
-- L-39, P-196
245 00 - TITLE STATEMENT
Title Standard specification for cod weather concreting (ACI 306.1-90)
Statement of responsibility, etc. ACI.
260 ## - PUBLICATION, DISTRIBUTION, ETC.
Place of publication, distribution, etc. Detroit :
Name of publisher, distributor, etc. American Concrete Institute,
Date of publication, distribution, etc. 1986.
300 ## - PHYSICAL DESCRIPTION
Extent 5 p. ;
Dimensions 29 cm.
500 ## - GENERAL NOTE
General note Cover title.
526 ## - STUDY PROGRAM INFORMATION NOTE
Program name 0
Interest level 0
Reading level 0
Title point value 620_136160000000000_STA
650 #0 - SUBJECT ADDED ENTRY--TOPICAL TERM
Topical term or geographic name entry element MCE
9 (RLIN) 379
710 2# - ADDED ENTRY--CORPORATE NAME
Corporate name or jurisdiction name as entry element ACI Committee 306
9 (RLIN) 46786
710 2# - ADDED ENTRY--CORPORATE NAME
Corporate name or jurisdiction name as entry element ACI Committee 306
9 (RLIN) 46786
942 ## - ADDED ENTRY ELEMENTS (KOHA)
Source of classification or shelving scheme
Koha item type Book
Holdings
Withdrawn status Lost status Source of classification or shelving scheme Damaged status Not for loan Permanent Location Current Location Date acquired Total Checkouts Full call number Barcode Date last seen Price effective from Koha item type
          Military College of Engineering (MCE) Military College of Engineering (MCE) 10/20/2014   620.13616 STA MCE-43577 10/20/2014 10/20/2014 Book
© 2023 Central Library, National University of Sciences and Technology. All Rights Reserved.